000 00407nam a22001697a 4500
003 CEME
005 20210628203139.0
008 210202b xxu||||| |||| 00| 0 eng d
020 _a9780471751205
040 _c.
082 _a332.041 GAO
100 _aGao, Jian
_963626
245 _aDebt capital markets in china
260 _aUSA
_bJOHN WILEY & SONS
_c2007
300 _aXXXV, 694P
942 _cBK
_2ddc
999 _c572384
_d572384